| 000 | 01541nam0a22003131 4500 | ||
|---|---|---|---|
| 001 | rc\4298066 | ||
| 005 | 20260406193617.0 | ||
| 021 |
_aRU _b[64-73171] |
||
| 035 | _a(NLR Aleph) 008500080 | ||
| 090 |
_a8103458 _c8103458 |
||
| 100 | _a20130416d1964 |||y0rusy50 ca | ||
| 101 | 0 | _arus | |
| 102 | _aRU | ||
| 105 | _aa z ||||| | ||
| 200 | 1 |
_aВ огне революционных битв _e[Воспоминания] _fПартархив Томского обкома КПСС |
|
| 210 |
_aТомск _cЗап.-Сиб. кн. изд-во. Томское отд-ние _d1964 |
||
| 215 |
_a295 с. _cил. _d23 |
||
| 300 | _aНа обороте тит. л. сост.: Акаченок А.П., Чугунов М.И. | ||
| 601 | 0 | 2 |
_aКПСС _xИстория _xСибирские организации _jВоспоминания и записки _2psbo |
| 606 |
_aВеликая Октябрьская социалистическая революция _yСибирь _jВоспоминания и записки _2psbo |
||
| 606 |
_aИностранная военная интервенция и гражданская война в СССР 1918-1920 гг. _yСибирь _jВоспоминания и записки _2psbo |
||
| 702 | 1 |
_aЧугунов _bМ.И. _4220 |
|
| 702 | 1 |
_aАкаченок _bА.П. _4220 |
|
| 712 | 0 | 2 |
_aТомский областной партийный архив _3RU\NLR\AUTH\889956384 _9408879 |
| 801 | 0 |
_aRU _bNLR _gpsbo |
|
| 801 | 1 |
_aRU _bELAR _2rusmarc |
|
| 852 |
_aNLR _j64-5/4799 |
||
| 942 | _cBOOK | ||
| 980 | _aNB | ||